000 00697cam a2200229 i 4500
001 000019130
005 20200929165930.0
008 770922s1977 fr 000 1 fre
010 _a77477039
015 _aF***
020 _a2259001998 :
_c40.00F
040 _aDO-SdBNP
_cDLC
_dDLC
050 0 0 _aPQ2607.R75
_bQ34
100 1 _aDruon, Maurice,
_d1918-2009.
_941154
245 1 0 _aQuand un roi perd la France :
_broman historique /
_cMaurice Druon.
260 _a[Paris] :
_bPlon,
_c1977.
300 _a337 p. ;
_c20 cm.
490 0 _aHis Les rois maudits ; 7
600 0 0 _aJean
_bII,
_cKing of France,
_d1319-1364
_xFiction.
_941155
910 _aCatalogación derivada / LC
082 0 0 _a843/.9/14
999 _c18648
_d18648